|
|
|
|
| LEADER |
00735nab a2200217 i 4500 |
| 001 |
delm36298 |
| 005 |
20180927112826.0 |
| 008 |
180927s1962 hu o 0|| hun d |
| 040 |
|
|
|a SZTE Délmagyarország Archívum
|b hun
|
| 041 |
|
|
|a hun
|
| 100 |
1 |
|
|a Lődi Ferenc
|
| 245 |
1 |
0 |
|a Van visszatérés a klinikai halálból
|h [elektronikus dokumentum] :
|b az életrekeltés lehetőségeiről tartott előadást Szegeden Sikunova szovjet orvosnő /
|c Lődi Ferenc
|
| 260 |
|
|
|c 1962-01-13
|
| 300 |
|
|
|a 5
|
| 490 |
0 |
|
|a Délmagyarország
|
| 695 |
|
|
|a Orvostudomány előadás Szeged 1962
|
| 700 |
0 |
1 |
|a Sikunova, L. G.
|e aut
|
| 700 |
0 |
1 |
|a Rávnay Tamás
|e aut
|
| 700 |
0 |
1 |
|a Szabó Dénes
|e aut
|
| 700 |
0 |
1 |
|a Bódis Lajos
|e aut
|
| 700 |
0 |
1 |
|a Oláh Ferenc
|e aut
|